Repertorio de bibliografía geológica y espeleológica valenciana / (Record no. 57855)

MARC details
000 -LEADER
campo de control de longitud fija 00574nam a2200169 i 4500
001 - NÚMERO DE CONTROL
campo de control 57855
003 - IDENTIFICADOR DE NÚMERO DE CONTROL
campo de control ES-MaACL
007 - CAMPO FIJO DE DESCRIPCIÓN FÍSICA--INFORMACIÓN GENERAL
campo de control de longitud fija t|
008 - DATOS DE LONGITUD FIJA--INFORMACIÓN GENERAL
campo de control de longitud fija 031020m19711973sp ||||1| spa d
100 1# - ENTRADA PRINCIPAL--NOMBRE DE PERSONA
Nombre de persona Donat Zopo, José.
9 (RLIN) 45291
245 10 - MENCIÓN DEL TÍTULO
Título Repertorio de bibliografía geológica y espeleológica valenciana /
Mención de responsabilidad, etc. José Donat Zopo y E. Miquel.
260 ## - PUBLICACIÓN, DISTRIBUCIÓN, ETC.
Lugar de publicación, distribución, etc. Valencia :
Nombre del editor, distribuidor, etc. Grupo Espeleológico Vilanova y Piera,
Fecha de publicación, distribución, etc. 1971-1973.
300 ## - DESCRIPCIÓN FÍSICA
Extensión 2 v. ;
Dimensiones 24 cm.
700 1# - ENTRADA AGREGADA--NOMBRE PERSONAL
Nombre de persona Miquel, E.
9 (RLIN) 81401
710 2# - ENTRADA AGREGADA--NOMBRE DE ENTIDAD CORPORATIVA
Nombre de entidad corporativa o nombre de jurisdicción como elemento de entrada Grupo Espeleológico Vilanova y Piera.
9 (RLIN) 4526
852 ## - LOCALIZACIÓN
Ubicación ES-MaACL
Número de control de estantería L-6089-90
Sublocalización o colección R.88486
Holdings
Estatus retirado Estado de pérdida Estado de daño No para préstamo Biblioteca de origen Biblioteca actual Ubicación en estantería Fecha de adquisición Fuente de adquisición Total de préstamos Signatura topográfica completa Código de barras Visto por última vez Precio de reemplazo Tipo de ítem Koha
        Biblioteca del Ateneo de Madrid Biblioteca del Ateneo de Madrid Depósito 2 17/01/2008     L-6089-90 1060725 23/02/2023 23/02/2023 Libro impreso